Types of Cookies - Statistics

General Stats
  • This quiz has been taken 303 times
  • The average score is 9 of 15
Answer Stats
Picture Answer % Correct
Chocolate Chip
95%
Oreo
90%
Fortune
87%
M&M
73%
Gingerbread Man
68%
Macaron
67%
Sugar
67%
Macaroon
60%
Oatmeal Raisin
55%
Wafer
52%
Peanut Butter
48%
Shortbread
37%
Biscotti
31%
Stroop Waffle
24%
Gingersnap
10%
No matching quizzes found
Score Distribution
Percent of People with Each Score
Percentile by Number Answered
Your Score History
You have not taken this quiz